[Event "PUR-ch"]
[Site "San Juan"]
[Date "2024.04.13"]
[Round "6"]
[White "Almedina Ortiz, Edgardo J"]
[Black "Allen Medina, Josue"]
[Result "1-0"]
[WhiteElo "2157"]
[BlackElo "1929"]
[PlyCount "85"]
[EventDate "2024.04.06"]
[EventType "tourn"]
[EventRounds "9"]
[EventCountry "PUR"]
[SourceTitle "CB18_2024"]
[SourceDate "2024.05.01"]
[SourceVersion "1"]
[SourceVersionDate "2024.05.01"]
[SourceQuality "2"]

1. e4 c5 2. Nf3 Nc6 3. d4 cxd4 4. Nxd4 Nf6 5. Nc3 d6 6. Bg5 a6 7. Qd2 Bd7 8. 0-0-0 Rc8 9. Kb1 h6 10. Bxf6 gxf6 11. Be2 h5 12. Nf5 Ne5 13. b3 Qa5 14. Nd5 Qc5 15. f4 Nc6 16. Bf3 a5 17. c4 Nb8 18. Rhe1 Na6 19. Kb2 Nc7 20. Qd3 b5 21. Rc1 b4 22. Rcd1 a4 23. Qd4 Qa5 24. Qb6 a3+ 25. Kb1 Qxb6 26. Nxb6 Rb8 27. Nd5 Na6 28. h4 Kd8 29. Nfe3 Nc5 30. Nc2 Na6 31. e5 fxe5 32. fxe5 Bf5 33. exd6 exd6 34. Be4 Be6 35. Nd4 Rc8 36. Bf5 Bxf5+ 37. Nxf5 Kd7 38. Nb6+ Kc7 39. Nxc8 Kxc8 40. Re8+ Kc7 41. Nxd6 Nc5 42. Nxf7 Rg8 43. Ng5 1-0

[Event "PUR-ch"]
[Site "San Juan"]
[Date "2024.04.07"]
[Round "4"]
[White "Toro Cruz, Sebastian J"]
[Black "Allen Medina, Josue"]
[Result "1-0"]
[WhiteElo "1960"]
[BlackElo "1929"]
[PlyCount "183"]
[EventDate "2024.04.06"]
[EventType "tourn"]
[EventRounds "9"]
[EventCountry "PUR"]
[SourceTitle "CB18_2024"]
[SourceDate "2024.05.01"]
[SourceVersion "1"]
[SourceVersionDate "2024.05.01"]
[SourceQuality "2"]

1. e4 c5 2. Nf3 Nc6 3. d4 cxd4 4. Nxd4 Nf6 5. Nxc6 bxc6 6. Bd3 g6 7. b3 Bg7 8. Bb2 d6 9. Nd2 Rb8 10. 0-0 0-0 11. h3 Re8 12. Re1 e5 13. Nf3 Nh5 14. Bf1 Qc7 15. c4 Bb7 16. Qc2 Rbd8 17. Rad1 Bc8 18. Qd2 Nf4 19. Bc3 Qe7 20. Ba5 Rd7 21. g3 Ne6 22. Bg2 Bb7 23. Bb4 c5 24. Bc3 Red8 25. Ba5 Rf8 26. Bc3 f6 27. Nh2 Rc8 28. Ng4 Rc6 29. h4 Ra6 30. Ne3 Rd8 31. Nd5 Qf7 32. Bh3 f5 33. Qc2 Nc7 34. Nxc7 Qxc7 35. exf5 Qc6 36. Rd5 Qd7 37. Rd2 Rf8 38. Kh2 gxf5 39. Bxe5 Qe7 40. Bxg7 Qxe1 41. Rd1 Rxa2 42. Rxe1 Rxc2 43. Bxf8 Kxf8 44. Kg1 Be4 45. Bg2 Bd3 46. Ra1 Rb2 47. Rxa7 Rxb3 48. Bd5 Rb1+ 49. Kg2 h5 50. Rd7 Rb6 51. Rh7 Be2 52. Rf7+ Ke8 53. Rxf5 Rb4 54. Rf4 Kd8 55. Rf6 Kd7 56. Rf7+ Kd8 57. Rf8+ Kc7 58. Rf4 Rb8 59. Rf7+ Kb6 60. Re7 Bd1 61. Rd7 Ka5 62. Rxd6 Kb4 63. f4 Kc3 64. f5 Rb2+ 65. Kg1 Rb1 66. f6 Bg4+ 67. Kf2 Kd4 68. Bf3+ Ke5 69. Rd5+ Kxf6 70. Bxg4 hxg4 71. Rxc5 Rb2+ 72. Ke3 Rb8 73. Kf4 Rg8 74. Rf5+ Ke6 75. Rg5 Rd8 76. Rg6+ Kf7 77. Rxg4 Rd4+ 78. Kf3 Rd3+ 79. Ke4 Ra3 80. Kd5 Kf6 81. c5 Rd3+ 82. Kc6 Kf5 83. Rg5+ Ke6 84. g4 Rb3 85. h5 Kf6 86. Rg6+ Ke7 87. h6 Kf7 88. Rg7+ Ke6 89. g5 Rb1 90. h7 Rh1 91. Rg6+ Kf5 92. Rh6 1-0

[Event "San Sebastian Mendez Memorial 9th"]
[Site "San Sebastian del Pepino"]
[Date "2023.01.15"]
[Round "4"]
[White "Allen Medina, Josue"]
[Black "Nunez Velez, Walter"]
[Result "0-1"]
[WhiteElo "1907"]
[BlackElo "2034"]
[PlyCount "110"]
[EventDate "2023.01.13"]
[EventType "swiss"]
[EventRounds "5"]
[EventCountry "PUR"]
[SourceTitle "CBM 212 Extra"]
[Source "ChessBase"]
[SourceDate "2023.03.31"]
[SourceVersion "1"]
[SourceVersionDate "2023.03.31"]
[SourceQuality "1"]

1. e4 c5 2. Nf3 d6 3. d4 cxd4 4. Nxd4 Nf6 5. Nc3 Nc6 6. Nxc6 bxc6 7. a4 e5 8. a5 Be7 9. h3 0-0 10. Bc4 Nxe4 11. Nxe4 d5 12. Bd3 dxe4 13. Bxe4 Qc7 14. 0-0 f5 15. Bd5+ cxd5 16. Qxd5+ Kh8 17. Qxa8 Bb7 18. Qxa7 Bc5 19. Qxb7 Qxb7 20. Rd1 f4 21. c3 f3 22. g4 Qe4 23. Bg5 h5 24. Bh4 hxg4 25. Bg3 gxh3 26. Kh2 Qc2 27. Rac1 Qxb2 28. Rb1 Qc2 29. Rdc1 Qg6 30. Rg1 e4 31. Be5 Qf7 32. a6 Bxf2 33. Rg4 Bd4 34. Bxd4 Qa2+ 35. Kxh3 Qxb1 36. Bxg7+ Kg8 37. Bxf8+ Kxf8 38. Rf4+ Ke7 39. a7 Qh1+ 40. Kg4 Qg1+ 41. Kf5 Qxa7 42. Kxe4 f2 43. Kd3 Qa2 44. Ke3 Qc2 45. Rxf2 Qxc3+ 46. Kf4 Kf6 47. Ke4+ Ke6 48. Re2 Qc4+ 49. Kf3+ Kf5 50. Ke3 Qc3+ 51. Kf2 Kf4 52. Kf1 Qc4 53. Kf2 Qd3 54. Ra2 Qd4+ 55. Ke1 Qg1+ 0-1

[Event "San Sebastian Mendez Memorial 8th"]
[Site "San Sebastian del Pepino"]
[Date "2022.01.16"]
[Round "4.2"]
[White "Allen Medina, Josue"]
[Black "Rodriguez Santiago, Jaime"]
[Result "1/2-1/2"]
[WhiteElo "1932"]
[BlackElo "2059"]
[PlyCount "108"]
[EventDate "2022.01.14"]
[EventType "swiss"]
[EventRounds "5"]
[EventCountry "PUR"]
[SourceTitle "EXT 2023"]
[Source "ChessBase"]
[SourceDate "2022.10.05"]
[SourceVersion "1"]
[SourceVersionDate "2022.10.05"]
[SourceQuality "1"]

1. e4 g6 2. d4 d6 3. Nc3 c6 4. Nf3 Bg7 5. h3 Nf6 6. Be3 b5 7. a3 a6 8. Be2 Qc7 9. 0-0 Nbd7 10. Qd2 e5 11. Rad1 Bb7 12. Rfe1 c5 13. dxe5 dxe5 14. Nd5 Bxd5 15. exd5 Ne4 16. Qc1 Nd6 17. c4 0-0 18. b3 Rab8 19. Bh6 Rfe8 20. Bf1 Bh8 21. Ng5 Nf5 22. Ne4 Nd6 23. g4 Nf6 24. Nxd6 Qxd6 25. Bg2 bxc4 26. Qxc4 Rb5 27. Kh1 Reb8 28. f4 Nd7 29. Rb1 Nb6 30. Qd3 exf4 31. Qe4 Qd7 32. d6 Bg7 33. Bxf4 Bf8 34. Qc6 Rc8 35. Qxd7 Nxd7 36. Re3 c4 37. Rc3 Rb6 38. Bd5 Bxd6 39. Bxd6 Rxd6 40. Bxc4 Kg7 41. Re3 Nb6 42. Bxa6 Ra8 43. Bf1 Rxa3 44. Rd3 Rf6 45. b4 Ra2 46. b5 Nc4 47. Kg1 Nd2 48. Rxd2 Rxd2 49. b6 Rd8 50. b7 Rb8 51. Bg2 Re6 52. Kf2 Kf6 53. Rb5 h6 54. h4 Ke7 1/2-1/2